[Event "Blackmar-Diemer"]
[Site "SchemingMind.com"]
[Date "2018.08.15"]
[Round "-"]
[White "maro"]
[Black "Johnny Owens"]
[Result "0-1"]
[WhiteCountry "MEX"]
[BlackCountry "USA"]
[WhiteElo "1503"]
[WhiteRD "58"]
[BlackElo "2311"]
[BlackRD "65"]
[GameID "431427"]

1. d4 d5 2. Nc3 Nf6 3. e4 dxe4 4. f3 exf3 5. Nxf3 Bg4 6. Bc4 e6 7. O-O Nc6 8. d5 Bxf3 9. gxf3 Na5 10. Bb5+ c6
11. dxc6 Qb6+ 12. Kh1 Nxc6 13. Na4 Qxb5 14. b3 Rd8 15. Qe1 Nd4 16. Rf2 Qf5 17. f4 Nxc2 18. Qc3 Rd1+ 19. Kg2 Qg6+ 20. Qg3 Ne1+
21. Kh3 Qf5+
0-1

[Event "Blackmar-Diemer"]
[Site "SchemingMind.com"]
[Date "2018.08.15"]
[Round "-"]
[White "Johnny Owens"]
[Black "maro"]
[Result "1-0"]
[WhiteCountry "USA"]
[BlackCountry "MEX"]
[WhiteElo "2299"]
[WhiteRD "65"]
[BlackElo "1549"]
[BlackRD "64"]
[GameID "431428"]

1. d4 d5 2. Nc3 Nf6 3. e4 dxe4 4. f3 exf3 5. Nxf3 e6 6. Bg5 h6 7. Bxf6 Qxf6 8. Bb5+ Bd7 9. O-O Bd6 10. Ne5 Bxb5
11. Rxf6 gxf6 12. Nxf7 Kxf7 13. Nxb5 a6 14. Qh5+ Ke7 15. Qg4 Nc6 16. Qg7+
1-0

[Event "Blackmar-Diemer"]
[Site "SchemingMind.com"]
[Date "2018.09.20"]
[Round "-"]
[White "maro"]
[Black "splinter"]
[Result "0-1"]
[WhiteCountry "MEX"]
[BlackCountry "CAN"]
[WhiteElo "1503"]
[WhiteRD "58"]
[BlackElo "1820"]
[BlackRD "72"]
[GameID "432553"]

1. d4 d5 2. Nc3 Nf6 3. e4 dxe4 4. f3 exf3 5. Nxf3 g6 6. Bc4 Bg7 7. Bg5 O-O 8. O-O Bg4 9. h3 Bf5 10. Qd2 c6
11. Nh4 Bc8 12. Bh6 b5 13. Bb3 b4 14. Ne2 a5 15. Bxg7 Kxg7 16. c3 c5 17. Bc4 e5 18. Qe3 Bb7 19. Ng3 exd4 20. Nhf5+ gxf5
21. Qg5+ Kh8 22. Nxf5 Rg8 23. Nh6 Rxg5 24. Nxf7+ Kg7 25. Nxd8 Bc8 26. Ne6+ Bxe6 27. Bxe6 Ra6 28. Bc4 Rd6 29. cxd4 cxd4 30. Bd3 Nbd7
31. Rae1 Re5 32. Rxe5 Nxe5 33. g4 Nxd3
0-1

[Event "Blackmar-Diemer"]
[Site "SchemingMind.com"]
[Date "2018.09.20"]
[Round "-"]
[White "splinter"]
[Black "maro"]
[Result "1-0"]
[WhiteCountry "CAN"]
[BlackCountry "MEX"]
[WhiteElo "1820"]
[WhiteRD "72"]
[BlackElo "1503"]
[BlackRD "58"]
[GameID "432554"]

1. d4 d5 2. Nc3 Nf6 3. e4 dxe4 4. f3 exf3 5. Nxf3 Bf5 6. Bc4 e6 7. O-O Bb4 8. Bg5 O-O 9. Nh4 Nc6 10. Nxf5 Ne5
11. dxe5 Bc5+ 12. Ne3 Bxe3+ 13. Bxe3 Nd7 14. Qh5 h6 15. Bxh6 g6 16. Qg5 Qxg5 17. Bxg5 a6 18. Bf6 Nxf6 19. exf6 b5 20. Bd3 c5
21. Ne4 c4 22. Be2 Kh7 23. Rf3 g5 24. Nxg5+ Kg6 25. Ne4 Rh8 26. Raf1 Rh5 27. Rg3+
1-0

[Event "Blackmar-Diemer"]
[Site "SchemingMind.com"]
[Date "2018.09.20"]
[Round "-"]
[White "Johnny Owens"]
[Black "splinter"]
[Result "1-0"]
[WhiteCountry "USA"]
[BlackCountry "CAN"]
[WhiteElo "2302"]
[WhiteRD "68"]
[BlackElo "1786"]
[BlackRD "69"]
[GameID "432555"]

1. d4 d5 2. Nc3 Nf6 3. e4 dxe4 4. f3 exf3 5. Nxf3 g6 6. Bg5 Bg7 7. Bc4 O-O 8. Qe2 Nbd7 9. O-O c6 10. Bb3 b5
11. Rae1 a5 12. a3 Re8 13. Bh4 Ba6 14. Bxf7+
1-0

[Event "Blackmar-Diemer"]
[Site "SchemingMind.com"]
[Date "2018.09.16"]
[Round "-"]
[White "splinter"]
[Black "Johnny Owens"]
[Result "0-1"]
[WhiteCountry "CAN"]
[BlackCountry "USA"]
[WhiteElo "1786"]
[WhiteRD "69"]
[BlackElo "2302"]
[BlackRD "68"]
[GameID "432556"]

1. d4 d5 2. Nc3 Nf6 3. e4 dxe4 4. f3 exf3 5. Nxf3 Bg4 6. Be2 e6 7. Bf4 Nc6 8. O-O Bxf3 9. Bxf3 Qxd4+ 10. Qxd4 Nxd4
11. Bxb7 Rb8 12. Ba6 Rxb2 13. Bd3 Bd6 14. Bxd6 cxd6 15. Rab1 Rxb1 16. Rxb1 O-O 17. Rb7 a5 18. Ra7 Rc8 19. Ne4 Nxe4 20. Bxe4 g6
21. Rxa5 d5 22. Bd3 Nxc2
0-1

[Event "Blackmar-Diemer"]
[Site "SchemingMind.com"]
[Date "2018.10.14"]
[Round "-"]
[White "maro"]
[Black "krzysztof"]
[Result "1-0"]
[WhiteCountry "MEX"]
[BlackCountry "POL"]
[WhiteElo "1461"]
[WhiteRD "63"]
[BlackElo "1528"]
[BlackRD "71"]
[GameID "433516"]

1. d4 d5 2. Nc3 Nf6 3. e4 dxe4 4. f3 exf3 5. Nxf3 Na6 6. Bb5+ c6 7. Bxa6 bxa6 8. Bf4 Nd5 9. Ne4 f6 10. Qd2 e6
11. a3 g5 12. Be3 Bg7 13. g3 Nxe3 14. Qxe3 Qa5+ 15. c3 O-O 16. Nd6 Qd5 17. Nxc8 Raxc8 18. h3 c5 19. dxc5 Qxc5 20. Nd4 e5
21. Nf5 Qb6 22. Ne7+ Kh8 23. Qxb6 axb6 24. Nxc8 Rxc8 25. O-O-O f5 26. Rhf1 f4 27. gxf4 gxf4 28. Rd7 h6 29. Rg1 Rg8 30. b4 Kh7
31. c4 h5 32. Rg5 Kh6 33. Rf5 Kg6 34. Rff7 Bf6 35. Rb7 b5 36. c5 f3 37. Rfd7 Kf5 38. c6 Rc8 39. c7 e4 40. Rf7 Ke6
41. Rb8 Kxf7 42. Rxc8 Be5 43. Rf8+ Ke7 44. c8=Q Kd6 45. Rd8+ Ke7 46. Qd7+ Kf6 47. Rf8+ Kg5 48. Qf5+ Kh4 49. Qxe4+ Bf4+ 50. Qxf4+ Kxh3
51. Qxf3+ Kh4 52. Rg8 a5 53. Qg3#
1-0

[Event "Blackmar-Diemer"]
[Site "SchemingMind.com"]
[Date "2018.10.15"]
[Round "-"]
[White "krzysztof"]
[Black "maro"]
[Result "1-0"]
[WhiteCountry "POL"]
[BlackCountry "MEX"]
[WhiteElo "1529"]
[WhiteRD "72"]
[BlackElo "1456"]
[BlackRD "66"]
[GameID "433517"]

1. d4 d5 2. Nc3 Nf6 3. e4 dxe4 4. f3 exf3 5. Nxf3 e6 6. h3 Bb4 7. a3 Bxc3+ 8. bxc3 Ne4 9. Bb2 Ng3 10. Rh2 Nxf1
11. Kxf1 b6 12. c4 Ba6 13. Ne5 Qf6+ 14. Qf3 c6 15. d5 cxd5 16. Qxf6 gxf6 17. Ng4 Bxc4+ 18. Kf2 f5 19. Bxh8 fxg4 20. hxg4 Kd7
21. Rxh7 Ke7 22. Re1 Nd7 23. g5 Nf8 24. Bf6+ Kd7 25. Rxf7+ Kc6 26. Rg7 Kb5 27. Rg8 Rc8 28. Bb2 a5 29. g6 d4 30. Rh8 e5
31. Rxe5+ Rc5 32. Rxc5+ bxc5 33. Rxf8 d3 34. cxd3 Bxd3 35. g7 Bh7 36. Rh8
1-0

[Event "Blackmar-Diemer"]
[Site "SchemingMind.com"]
[Date "2018.10.14"]
[Round "-"]
[White "krzysztof"]
[Black "Johnny Owens"]
[Result "0-1"]
[WhiteCountry "POL"]
[BlackCountry "USA"]
[WhiteElo "1529"]
[WhiteRD "72"]
[BlackElo "2315"]
[BlackRD "71"]
[GameID "433518"]

1. d4 d5 2. Nc3 Nf6 3. e4 dxe4 4. f3 exf3 5. gxf3 Nc6 6. Be3 Bf5 7. Bh3 Qc8 8. Bxf5 Qxf5 9. Qe2 O-O-O 10. O-O-O e5
11. d5 Nb4 12. a3 Nbxd5 13. Nxd5 Nxd5 14. Bxa7 Qf4+ 15. Kb1 Qa4 16. Qf2 Nc3+ 17. bxc3 Rxd1+ 18. Kb2 Qxa3#
0-1

[Event "Blackmar-Diemer"]
[Site "SchemingMind.com"]
[Date "2018.10.14"]
[Round "-"]
[White "Johnny Owens"]
[Black "krzysztof"]
[Result "1-0"]
[WhiteCountry "USA"]
[BlackCountry "POL"]
[WhiteElo "2315"]
[WhiteRD "71"]
[BlackElo "1529"]
[BlackRD "72"]
[GameID "433519"]

1. d4 d5 2. Nc3 Nf6 3. e4 dxe4 4. f3 exf3 5. Nxf3 Bg4 6. h3 Bf5 7. g4 Bg6 8. Ne5 Nc6 9. Bb5 Nd7 10. Nxd7 Qxd7
11. d5 O-O-O 12. Qe2 e6 13. dxc6 bxc6 14. Ba4 Kb7 15. Be3 Bd6 16. O-O-O e5 17. Rd5 Bxc2 18. Ra5 Ra8 19. Qa6+ Kb8 20. Bxa7+ Rxa7
21. Qxa7+ Kc8 22. Qa8#
1-0

[Event "Blackmar-Diemer"]
[Site "SchemingMind.com"]
[Date "2018.10.11"]
[Round "-"]
[White "krzysztof"]
[Black "splinter"]
[Result "0-1"]
[WhiteCountry "POL"]
[BlackCountry "CAN"]
[WhiteElo "1463"]
[WhiteRD "80"]
[BlackElo "1786"]
[BlackRD "69"]
[GameID "433520"]

1. d4 d5 2. Nc3 Nf6 3. e4 dxe4 4. f3 exf3 5. Nxf3 g6 6. Bg5 Bg7 7. Bd3 Bg4 8. Ne2 O-O 9. h3 Bxf3 10. gxf3 Qd5
11. Bxf6 Bxf6 12. Be4 Qb5 13. Rb1 Nd7 14. h4 Rad8 15. c3 Nc5 16. Qc2 Nxe4 17. Qxe4 h5 18. Rg1 e5 19. dxe5 Rfe8 20. f4 Bxh4+
21. Kf1 Qb6 22. Rg2 Rd2 23. Qf3 Kh7 24. Nd4 Rxg2 25. Kxg2 c6 26. Kh3 Bd8 27. b4 Qa6 28. Rb2 Qc4 29. Re2 c5 30. bxc5 Qxc5
31. f5 Rxe5 32. fxg6+ fxg6 33. Qf7+ Kh6 34. Qf3 Rxe2 35. Nxe2 Bb6 36. Qf4+ Kg7 37. Qg3 Qe3 38. Qxe3 Bxe3 39. Kh4 b5 40. Ng3 Kf6
41. Ne4+ Ke5 42. Ng5 Bxg5+ 43. Kg3 Bd2 44. Kh4 Bxc3 45. Kg5 a5 46. Kxg6 h4 47. Kh5 h3 48. Kh4 h2 49. Kh3 h1=Q+ 50. Kg3 Qh5
51. Kg2 Be1 52. Kf1 Qd1 53. Kg2 Kf4 54. Kg1 Kg3 55. Kf1 Bb4#
0-1

[Event "Blackmar-Diemer"]
[Site "SchemingMind.com"]
[Date "2018.10.11"]
[Round "-"]
[White "splinter"]
[Black "krzysztof"]
[Result "1-0"]
[WhiteCountry "CAN"]
[BlackCountry "POL"]
[WhiteElo "1786"]
[WhiteRD "69"]
[BlackElo "1463"]
[BlackRD "80"]
[GameID "433521"]

1. d4 d5 2. Nc3 Nf6 3. e4 dxe4 4. f3 Bf5 5. Bc4 c6 6. Be3 e6 7. Qe2 Bb4 8. h4 Qa5 9. Bd2 Nbd7 10. Bb3 O-O-O
11. a3 Bxc3 12. Bxc3 Qc7 13. O-O-O c5 14. dxc5 Nxc5 15. Ba2 Na4 16. Bxf6 gxf6 17. Nh3 Kb8 18. fxe4 Bxh3 19. Rxh3 Qb6 20. Rb3 Rxd1+
21. Qxd1 Qc7 22. Qf1 Rc8 23. Bb1 b6 24. c3 Nc5 25. Rb4 Qe5 26. Bc2 Rc6 27. Qf3 a5 28. Rd4 Kc7 29. b4 axb4 30. axb4 Nb7
31. Kb2 Nd6 32. Qd3 Nc4+ 33. Rxc4 Rxc4 34. Qxc4+ Kb7 35. Ba4 Qd6 36. Qd4 Qc7 37. Qd7 Qxd7 38. Bxd7 Kc7 39. Be8 f5 40. Bxf7 Kd6
41. exf5 exf5 42. c4 Ke5 43. Kc3 f4 44. Bh5 h6 45. Bf3 Kd6 46. Kd4 Kc7 47. Ke5 Kd7 48. Kxf4 Kd6 49. Kf5 b5 50. c5+ Kc7
51. Kg6
1-0

[Event "Blackmar-Diemer"]
[Site "SchemingMind.com"]
[Date "2018.10.25"]
[Round "-"]
[White "maro"]
[Black "Goz"]
[Result "0-1"]
[WhiteCountry "MEX"]
[BlackCountry "ENG"]
[WhiteElo "1461"]
[WhiteRD "63"]
[BlackElo "1588"]
[BlackRD "70"]
[GameID "433824"]

1. d4 d5 2. Nc3 Nf6 3. e4 dxe4 4. f3 exf3 5. Nxf3 e6 6. Bf4 a6 7. Bc4 Bd6 8. Bxd6 cxd6 9. O-O O-O 10. Qd2 d5
11. Bd3 b5 12. Ne5 Bb7 13. h3 Nc6 14. Rf4 Nxe5 15. dxe5 Nh5 16. Rg4 f5 17. exf6 Rxf6 18. Re1 Qb6+ 19. Kh1 Raf8 20. Nd1 Qd6
21. Bxh7+ Kxh7 22. Qd3+ g6 23. Rh4 Kg7 24. Ne3 Ng3+ 25. Kg1 Rf4 26. Rxf4 Rxf4 27. Ng4 Nf5 28. g3 Ra4 29. Qc3+ d4 30. Qd3 Nxg3
31. Re5 Nf5 32. c3 Nh6 33. Rg5 Nf5 34. Nf2 Rxa2 35. Ne4 Bxe4 36. Qxe4 Rxb2 37. Qg4 Qh2+ 38. Kf1 Ne3+
0-1

[Event "Blackmar-Diemer"]
[Site "SchemingMind.com"]
[Date "2018.10.25"]
[Round "-"]
[White "Goz"]
[Black "maro"]
[Result "1-0"]
[WhiteCountry "ENG"]
[BlackCountry "MEX"]
[WhiteElo "1583"]
[WhiteRD "66"]
[BlackElo "1498"]
[BlackRD "63"]
[GameID "433825"]

1. d4 d5 2. Nc3 Nf6 3. e4 dxe4 4. f3 exf3 5. Nxf3 Bg4 6. h3 Bxf3 7. Qxf3 Nc6 8. Bb5 a6 9. Bxc6+ bxc6 10. Qxc6+ Nd7
11. Bf4 Ra7 12. Nd5 e6 13. Nxc7+ Rxc7 14. Bxc7 Qh4+ 15. Kf1 Qxd4 16. Qa8+ Ke7 17. Qd8#
1-0

[Event "Blackmar-Diemer"]
[Site "SchemingMind.com"]
[Date "2018.10.25"]
[Round "-"]
[White "Goz"]
[Black "krzysztof"]
[Result "1-0"]
[WhiteCountry "ENG"]
[BlackCountry "POL"]
[WhiteElo "1589"]
[WhiteRD "67"]
[BlackElo "1529"]
[BlackRD "72"]
[GameID "433826"]

1. d4 d5 2. Nc3 Nf6 3. e4 dxe4 4. f3 c6 5. fxe4 Bg4 6. Be2 Bxe2 7. Ngxe2 e6 8. Bf4 Bb4 9. Qd3 Na6 10. Qf3 Qb6
11. O-O-O Be7 12. g4 h6 13. h4 Qa5 14. Kb1 b5 15. e5 Nd5 16. Nxd5 cxd5 17. Bd2 b4 18. h5 Qa4 19. g5 b3 20. Qxb3 Qc6
21. g6 fxg6 22. hxg6 Rb8 23. Qf3 Rf8 24. Qc3 Qb5 25. Ng3 Bb4 26. Qb3 Rf2 27. Bc3 Rg2 28. Rhg1 Rxg1 29. Rxg1 Bxc3 30. Qxc3 Rb6
31. b3 Rc6 32. Qf3 Rc7 33. Qg4 Qc6 34. Nh5 Qxc2+ 35. Ka1 Kd7 36. Nxg7 Rc6 37. Qg2 Nb4 38. Nh5 Qc3+ 39. Qb2 Nc2+ 40. Kb1 Qd3
41. g7 Na3+ 42. Ka1 Rc2 43. g8=Q Rxb2 44. Kxb2 Qxd4+ 45. Kxa3 Qxe5 46. Qf7+ Kc6 47. Qe8+ Kc5 48. Qe7+ Kd4 49. Qxa7+ Kd3 50. Qa6+ Kd4
51. Qb6+ Kd3 52. Qb5+ Kd4 53. Qb4+ Kd3 54. Rg3+ Kc2 55. Qc5+ Kd2 56. Qf2+ Kc1 57. Rg1+ Qe1 58. Qxe1+ Kc2 59. Qxe6 d4 60. Qc4+ Kd2
61. Qxd4+ Kc2 62. Rg2+ Kb1 63. Qb2#
1-0

[Event "Blackmar-Diemer"]
[Site "SchemingMind.com"]
[Date "2018.10.23"]
[Round "-"]
[White "krzysztof"]
[Black "Goz"]
[Result "0-1"]
[WhiteCountry "POL"]
[BlackCountry "ENG"]
[WhiteElo "1463"]
[WhiteRD "80"]
[BlackElo "1583"]
[BlackRD "66"]
[GameID "433827"]

1. d4 d5 2. Nc3 Nf6 3. e4 dxe4 4. f3 exf3 5. Nxf3 e6 6. Bb5+ c6 7. Bd3 Bb4 8. a3 Ba5 9. b4 Bb6 10. Be3 a5
11. bxa5 Bxa5 12. Bd2 b5 13. O-O O-O 14. Ne4 Nxe4 15. Bxe4 Bb7 16. Qe1 Nd7 17. Qg3 Bc7 18. Bf4 Bxf4 19. Qh3 Nf6 20. Bd3 Bh6
21. g4 Bf4 22. g5 Be3+ 23. Kg2 g6 24. Rae1 Nd5 25. Qh6 Rxa3 26. Nh4 Bxg5 27. Bxg6 Bxh6 28. Bxh7+ Kxh7 29. Re5 Qxh4 30. h3 Qxh3+
31. Kg1 Rg8+ 32. Kf2 Qh2+ 33. Ke1 Ra1#
0-1

[Event "Blackmar-Diemer"]
[Site "SchemingMind.com"]
[Date "2018.10.25"]
[Round "-"]
[White "Goz"]
[Black "Johnny Owens"]
[Result "0-1"]
[WhiteCountry "ENG"]
[BlackCountry "USA"]
[WhiteElo "1588"]
[WhiteRD "70"]
[BlackElo "2348"]
[BlackRD "73"]
[GameID "433828"]

1. d4 d5 2. Nc3 Nf6 3. e4 dxe4 4. f3 exf3 5. Nxf3 Bg4 6. Be2 Nc6 7. Bg5 e6 8. a3 Bxf3 9. Bxf3 Nxd4 10. Bxb7 Rb8
11. Bc6+ Nxc6 12. Qxd8+ Rxd8 13. Nb5 Rd7 14. O-O Bc5+ 15. Kh1 Ne4 16. Bh4 f5 17. Nc3 Nxc3 18. bxc3 Rf8 19. Bf2 Bxf2 20. Rxf2 e5
21. h3 e4 22. Re1 Ke7 23. g3 g6 24. Kg2 Rfd8 25. Ree2 Ne5 26. a4 Nc4 27. h4 Rd1 28. Rf4 R8d2 29. Kf2 e3+ 30. Kf3 Rf1+
31. Kg2 Rxf4 32. Rxd2 exd2 33. gxf4 d1=Q 34. Kg3 Qf1
0-1

[Event "Blackmar-Diemer"]
[Site "SchemingMind.com"]
[Date "2018.10.25"]
[Round "-"]
[White "Johnny Owens"]
[Black "Goz"]
[Result "1-0"]
[WhiteCountry "USA"]
[BlackCountry "ENG"]
[WhiteElo "2315"]
[WhiteRD "71"]
[BlackElo "1589"]
[BlackRD "67"]
[GameID "433829"]

1. d4 d5 2. Nc3 Nf6 3. e4 dxe4 4. f3 exf3 5. Nxf3 Nbd7 6. Bd3 e6 7. Qe2 Be7 8. Bf4 O-O 9. O-O-O a6 10. g4 b5
11. h4 c6 12. g5 Nh5 13. Bh2 g6 14. Ne5 f6 15. Nxc6 Qe8 16. Qxe6+ Rf7 17. Nd5 Kh8 18. Ncxe7 Nf8 19. Nxg6+ Nxg6 20. Qxe8+ Rf8
21. Qe2 Bb7 22. Qxh5 Bxd5 23. Bxg6 Ra7 24. gxf6 Bxh1 25. Be5 Bd5 26. f7#
1-0

[Event "Blackmar-Diemer"]
[Site "SchemingMind.com"]
[Date "2018.10.21"]
[Round "-"]
[White "Goz"]
[Black "splinter"]
[Result "0-1"]
[WhiteCountry "ENG"]
[BlackCountry "CAN"]
[WhiteElo "1583"]
[WhiteRD "66"]
[BlackElo "1786"]
[BlackRD "69"]
[GameID "433830"]

1. d4 d5 2. Nc3 Nf6 3. e4 dxe4 4. f3 exf3 5. Nxf3 g6 6. Be3 Bg7 7. Bc4 O-O 8. Qd2 Nbd7 9. O-O-O c6 10. Na4 b5
11. Bxf7+ Rxf7 12. Nc5 Nxc5 13. dxc5 Qxd2+ 14. Rxd2 Nd5 15. Bd4 Bh6 16. Rd1 Bxd2+ 17. Rxd2 Bg4 18. Ne1 Rf1 19. Bf2 Rf8 20. c3 R8xf2
21. Rxf2 Rxf2 22. h3 Bf5 23. g4 Be4
0-1

[Event "Blackmar-Diemer"]
[Site "SchemingMind.com"]
[Date "2018.10.21"]
[Round "-"]
[White "splinter"]
[Black "Goz"]
[Result "1-0"]
[WhiteCountry "CAN"]
[BlackCountry "ENG"]
[WhiteElo "1786"]
[WhiteRD "69"]
[BlackElo "1583"]
[BlackRD "66"]
[GameID "433831"]

1. d4 d5 2. Nc3 Nf6 3. e4 dxe4 4. f3 exf3 5. Nxf3 e6 6. Bg5 Be7 7. Bd3 h6 8. Bh4 c6 9. O-O Nbd7 10. Ne5 Nxe5
11. dxe5 Nd5 12. Bxe7 Qxe7 13. Qd2 Bd7 14. Ne4 O-O 15. Rae1 b5 16. c3 a6 17. Bb1 c5 18. Nf6+ Kh8 19. Qd3 g6 20. Re4 Bc6
21. Rh4 h5 22. Rxh5+
1-0

[Event "Blackmar-Diemer"]
[Site "SchemingMind.com"]
[Date "2018.10.25"]
[Round "-"]
[White "Shanks"]
[Black "maro"]
[Result "1-0"]
[WhiteCountry "ENG"]
[BlackCountry "MEX"]
[WhiteElo "1330"]
[WhiteRD "73"]
[BlackElo "1461"]
[BlackRD "63"]
[GameID "433881"]

1. d4 d5 2. Nc3 Nf6 3. e4 dxe4 4. f3 exf3 5. Nxf3 Bf5 6. Bb5+ c6 7. Bc4 e6 8. a3 c5 9. Bb5+ Nc6 10. O-O a6
11. Be2 Qa5 12. Ne5 Nxe5 13. dxe5 Rd8 14. Qe1 Nd5 15. Bd2 Nxc3 16. bxc3 c4 17. Bd1 Qc5+ 18. Kh1 Rd5 19. Be3 Qc7 20. Bf4 Bc5
21. Bf3 Rd7 22. Qc1 Qa5 23. Qb2 Qd8 24. Be2 b5 25. Bf3 g5 26. Bg3 Rd2 27. Bc6+ Ke7 28. Qb1 Bxc2 29. Qe1 Bf5 30. a4 b4
31. cxb4 Bxb4 32. Qc1 Bc3 33. Qa3+ Rd6 34. exd6+ Kf6 35. Qxc3+ e5 36. Bxe5+ Kg6 37. Bxh8 Qxd6 38. Qf6+ Qxf6 39. Bxf6 Kxf6 40. Be4
1-0

[Event "Blackmar-Diemer"]
[Site "SchemingMind.com"]
[Date "2018.10.25"]
[Round "-"]
[White "maro"]
[Black "Shanks"]
[Result "1-0"]
[WhiteCountry "MEX"]
[BlackCountry "ENG"]
[WhiteElo "1461"]
[WhiteRD "63"]
[BlackElo "1330"]
[BlackRD "73"]
[GameID "433882"]

1. d4 d5 2. Nc3 Nf6 3. e4 dxe4 4. f3 exf3 5. Nxf3 c6 6. Bd2 Nbd7 7. Bc4 h6 8. Qe2 e6 9. O-O-O Nb6 10. Ne5 Nxc4
11. Qxc4 Be7 12. Bf4 O-O 13. g4 Nd5 14. Nxd5 cxd5 15. Qf1 Bf6 16. Rg1 Bxe5 17. Bxe5 f6 18. Bg3 Bd7 19. h4 b5 20. Bd6 Re8
21. g5 f5 22. gxh6 Qxh4 23. Rxg7+ Kh8 24. Be5 Qxh6+ 25. Rg5+ Kh7 26. Bf4 a5 27. Rxf5 exf5 28. Bxh6 Kxh6 29. Qf4+ Kg6 30. Rg1+ Kf6
31. Qd6+ Be6 32. Qe5+ Ke7 33. Rg7+ Kd8 34. Qc7#
1-0

[Event "Blackmar-Diemer"]
[Site "SchemingMind.com"]
[Date "2018.10.25"]
[Round "-"]
[White "Shanks"]
[Black "Goz"]
[Result "0-1"]
[WhiteCountry "ENG"]
[BlackCountry "ENG"]
[WhiteElo "1381"]
[WhiteRD "76"]
[BlackElo "1583"]
[BlackRD "66"]
[GameID "433883"]

1. d4 d5 2. Nc3 Nf6 3. e4 dxe4 4. f3 exf3 5. Nxf3 e6 6. Be3 Bb4 7. Bb5+ c6 8. Be2 O-O 9. O-O Bxc3 10. bxc3 b5
11. Ne5 h6 12. Rf3 Bb7 13. Qd2 Ne4 14. Qe1 f5 15. Ng6 Rf6 16. Nf4 Nd7 17. Bd3 c5 18. Rh3 Ng5 19. Rg3 Nf8 20. Be2 Ng6
21. Nh5 Rf7 22. dxc5 f4 23. Nxf4 Nxf4 24. Bxf4 Rxf4 25. Rd3 Qe7 26. Kh1 Qxc5 27. a3 Qc6 28. Rg3 Raf8 29. Bf1 Rf2 30. Rc1 Nh3
31. Rd1 Nf4 32. Rd2 Nxg2 33. Bxg2 Rf1+ 34. Qxf1 Rxf1#
0-1

[Event "Blackmar-Diemer"]
[Site "SchemingMind.com"]
[Date "2018.10.26"]
[Round "-"]
[White "Goz"]
[Black "Shanks"]
[Result "1-0"]
[WhiteCountry "ENG"]
[BlackCountry "ENG"]
[WhiteElo "1589"]
[WhiteRD "67"]
[BlackElo "1356"]
[BlackRD "77"]
[GameID "433884"]

1. d4 d5 2. Nc3 Nf6 3. e4 dxe4 4. f3 exf3 5. Nxf3 h6 6. h3 c6 7. Bf4 Nbd7 8. Bd3 e6 9. Qe2 Be7 10. O-O-O Nb6
11. Be4 Nxe4 12. Nxe4 Nd5 13. Bd2 Qc7 14. Ne5 O-O 15. h4 Nb4 16. Bxb4 Bxb4 17. h5 Qd8 18. g4 Qd5 19. Kb1 Be7 20. Qe3 Qd8
21. Rdg1 a5 22. g5 hxg5 23. Nxg5 Bxg5 24. Rxg5 Re8 25. h6 Kf8 26. hxg7+ Ke7 27. Qf4 Rg8 28. Qxf7+ Kd6 29. Qf4 Kc7 30. Nf7+ Kb6
31. Nxd8 Rxd8 32. g8=Q Rxg8 33. Rxg8 a4 34. Rh7 a3 35. Qc7+ Ka7 36. Rxc8 axb2 37. Qxb7#
1-0

[Event "Blackmar-Diemer"]
[Site "SchemingMind.com"]
[Date "2018.10.25"]
[Round "-"]
[White "Shanks"]
[Black "krzysztof"]
[Result "0-1"]
[WhiteCountry "ENG"]
[BlackCountry "POL"]
[WhiteElo "1356"]
[WhiteRD "77"]
[BlackElo "1529"]
[BlackRD "72"]
[GameID "433885"]

1. d4 d5 2. Nc3 Nf6 3. e4 dxe4 4. f3 exf3 5. Nxf3 Bg4 6. h3 Bf5 7. Bb5+ c6 8. Be2 e6 9. O-O Bd6 10. Be3 Qc7
11. Ne5 Nbd7 12. Bf4 Nxe5 13. dxe5 Bxe5 14. Bxe5 Qxe5 15. Rb1 Qg3 16. Rf3 Qe5 17. Qc1 Rd8 18. Re3 Qd4 19. Kh1 g5 20. Nd1 g4
21. hxg4 Nxg4 22. Bxg4 Qxg4 23. Rh3 Rg8 24. Ne3 Qe2 25. Rh2 Rd2 26. Kg1 Qxe3+ 27. Kh1 Be4 28. b3 Bxg2+ 29. Rxg2 Qh3+ 30. Rh2 Qxh2#
0-1

[Event "Blackmar-Diemer"]
[Site "SchemingMind.com"]
[Date "2018.10.26"]
[Round "-"]
[White "krzysztof"]
[Black "Shanks"]
[Result "1-0"]
[WhiteCountry "POL"]
[BlackCountry "ENG"]
[WhiteElo "1529"]
[WhiteRD "72"]
[BlackElo "1356"]
[BlackRD "77"]
[GameID "433886"]

1. d4 d5 2. Nc3 Nf6 3. e4 dxe4 4. f3 exf3 5. Nxf3 h6 6. Bc4 c6 7. Ne5 e6 8. Be3 Bd6 9. O-O O-O 10. Be2 Nd5
11. Nxd5 cxd5 12. Bh5 Bxe5 13. dxe5 Nc6 14. Bf4 Qb6+ 15. Kh1 Qxb2 16. Bxh6 Qxe5 17. Bf4 Qe4 18. Bd6 Rd8 19. Bg3 Ne7 20. Bxf7+ Kf8
21. Qh5 Nf5 22. Rf3 Nxg3+ 23. hxg3 Ke7 24. Qg5+ Kd7 25. Qxg7 Kc7 26. Bxe6+ Kb8 27. Bxc8 Rxc8 28. Rb1 b6 29. Rf6 d4 30. Rbxb6+ axb6
31. Rxb6+ Qb7 32. Qxb7#
1-0

[Event "Blackmar-Diemer"]
[Site "SchemingMind.com"]
[Date "2018.10.26"]
[Round "-"]
[White "Shanks"]
[Black "Johnny Owens"]
[Result "0-1"]
[WhiteCountry "ENG"]
[BlackCountry "USA"]
[WhiteElo "1330"]
[WhiteRD "73"]
[BlackElo "2348"]
[BlackRD "73"]
[GameID "433887"]

1. d4 d5 2. Nc3 Nf6 3. e4 dxe4 4. f3 exf3 5. Nxf3 Bg4 6. Bb5+ c6 7. Be2 e6 8. O-O Be7 9. Qd2 Nbd7 10. Qd3 Qc7
11. Nd1 O-O 12. Ne3 Bh5 13. c4 Bg6 14. b3 Bxd3 15. Bxd3 e5 16. dxe5 Nxe5 17. Nxe5 Qxe5 18. Rb1 Bc5 19. Kh1 Bxe3 20. Bb2 Bd4
21. Ba3 Ng4 22. g3 Qh5 23. h4 Nf2+ 24. Rxf2 Bxf2 25. Kg2 Rfd8 26. Bf1 Rd2 27. Rb2 Qe5 28. Rxd2 Qxg3+ 29. Kh1 Qg1#
0-1

[Event "Blackmar-Diemer"]
[Site "SchemingMind.com"]
[Date "2018.10.29"]
[Round "-"]
[White "Johnny Owens"]
[Black "Shanks"]
[Result "1-0"]
[WhiteCountry "USA"]
[BlackCountry "ENG"]
[WhiteElo "2315"]
[WhiteRD "71"]
[BlackElo "1356"]
[BlackRD "77"]
[GameID "433888"]

1. d4 d5 2. Nc3 Nf6 3. e4 dxe4 4. f3 exf3 5. Nxf3 c6 6. Bd3 Bg4 7. Be3 Nd5 8. Nxd5 cxd5 9. O-O g6 10. h3 Bd7
11. Ne5 Be6 12. Bb5+ Nc6 13. Nxc6 bxc6 14. Bxc6+ Bd7 15. Bxd5 Rb8 16. Bxf7#
1-0

[Event "Blackmar-Diemer"]
[Site "SchemingMind.com"]
[Date "2018.10.24"]
[Round "-"]
[White "Shanks"]
[Black "splinter"]
[Result "0-1"]
[WhiteCountry "ENG"]
[BlackCountry "CAN"]
[WhiteElo "1381"]
[WhiteRD "76"]
[BlackElo "1786"]
[BlackRD "69"]
[GameID "433889"]

1. d4 d5 2. Nc3 Nf6 3. e4 dxe4 4. f3 exf3 5. Nxf3 g6 6. Be3 Bg7 7. Bb5+ c6 8. Bd3 O-O 9. h3 Qc7 10. O-O Bxh3
11. gxh3 Qg3+ 12. Kh1 Qxh3+ 13. Kg1 Ng4 14. Qd2 Qg3+ 15. Qg2 Qxg2+ 16. Kxg2 Nxe3+ 17. Kf2 Nxf1 18. Rxf1 Nd7 19. Ne4 b5 20. b4 a5
21. a3 axb4 22. axb4 Ra2 23. Nc3 Rb2 24. Rc1 Rxb4 25. Ne2 Nb6 26. c3 Ra4 27. Rc2 Rd8 28. c4 Nxc4 29. Nc3 Ra3 30. Bxc4 bxc4
31. Ne2 c3 32. Nxc3 Bxd4+ 33. Nxd4 Rxd4 34. Ne2 Rd6 35. Rc1 h5 36. Re1 Ra2 37. Kf1 Rc2 38. Rc1 Rxc1+ 39. Nxc1 Rd1+ 40. Ke2 Rxc1
41. Kd3 h4
0-1

[Event "Blackmar-Diemer"]
[Site "SchemingMind.com"]
[Date "2018.10.26"]
[Round "-"]
[White "splinter"]
[Black "Shanks"]
[Result "1-0"]
[WhiteCountry "CAN"]
[BlackCountry "ENG"]
[WhiteElo "1820"]
[WhiteRD "72"]
[BlackElo "1388"]
[BlackRD "74"]
[GameID "433890"]

1. d4 d5 2. Nc3 Nf6 3. e4 dxe4 4. f3 exf3 5. Nxf3 h6 6. Bc4 e6 7. O-O c6 8. Ne5 Bd6 9. Qf3 Bxe5 10. dxe5 Qd4+
11. Kh1 Qxe5 12. Bf4 Qc5 13. Bb3 Nbd7 14. Rad1 Qe7 15. Bd6 Qd8 16. Ne4 Ne5 17. Bxe5 O-O 18. Rxd8 Rxd8 19. Nxf6+ gxf6 20. Qxf6 Kf8
21. Qxd8#
1-0